| 000 | 00620nam a2200193 a 4500 | ||
|---|---|---|---|
| 005 | 20240925063752.0 | ||
| 008 | 991125s1967 mx 000 0 spa u | ||
| 035 | _aUPN01000054056 | ||
| 049 | _aF | ||
| 050 | 4 |
_aQA11 _bT4.18 no.3 |
|
| 245 | 0 | 0 |
_aSistemas de numeración para los números enteros / _ctr. Federico Galván Anaya. |
| 260 |
_aMéxico : _bTrillas, _c1967. |
||
| 300 | _a43 p. | ||
| 440 | 0 |
_aTemas de matemáticas. _pCuaderno ; _v3 |
|
| 534 |
_pTítulo original: _tSystems for the whole numbers |
||
| 650 | 2 |
_aNúmeros enteros _918930 |
|
| 650 | 4 |
_aMatemáticas _xEstudio y enseñanza _93601 |
|
| 905 | _aLibro | ||
| 999 |
_c54056 _d54056 |
||